|
|
|
|
| LEADER |
00000cas a2200000 c 4500 |
| 001 |
884479625 |
| 003 |
DE-627 |
| 005 |
20240426194617.0 |
| 007 |
cr ||||||||||| |
| 008 |
170413c20139999sp z| p|o s 0 |0spa c |
| 016 |
7 |
|
|a 1129880168
|2 DE-101
|
| 016 |
7 |
|
|a 2891628-1
|2 DE-600
|
| 022 |
|
|
|a 2340-6046
|
| 035 |
|
|
|a (DE-627)884479625
|
| 035 |
|
|
|a (DE-576)486591107
|
| 035 |
|
|
|a (DE-599)ZDB2891628-1
|
| 035 |
|
|
|a (OCoLC)1369009948
|
| 040 |
|
|
|a DE-627
|b ger
|c DE-627
|e rda
|
| 041 |
|
|
|a spa
|
| 044 |
|
|
|c XA-ES
|
| 082 |
0 |
4 |
|a 310
|a 340
|q DE-600
|
| 084 |
|
|
|a 2,1
|2 ssgn
|
| 245 |
0 |
3 |
|a El criminalista digital
|b papeles de criminología
|c Instituto Andaluz Interuniversitario de Criminología, Sección de la Universidad de Granada
|
| 264 |
3 |
1 |
|a Granada
|b Universidad de Granada
|c [2013]-
|
| 300 |
|
|
|a Online-Ressource
|
| 336 |
|
|
|a Text
|b txt
|2 rdacontent
|
| 337 |
|
|
|a Computermedien
|b c
|2 rdamedia
|
| 338 |
|
|
|a Online-Ressource
|b cr
|2 rdacarrier
|
| 362 |
0 |
|
|a Número 1 (julio 2013)-
|
| 363 |
0 |
1 |
|j 7
|a 1
|i 2013
|
| 500 |
|
|
|a Gesehen am 30.08.2021
|
| 655 |
|
7 |
|a Zeitschrift
|0 (DE-588)4067488-5
|0 (DE-627)10454466X
|0 (DE-576)20917000X
|2 gnd-content
|
| 655 |
|
7 |
|a Statistik
|0 (DE-588)4056995-0
|0 (DE-627)106152955
|0 (DE-576)209119799
|2 gnd-content
|
| 710 |
2 |
|
|a Instituto Andaluz Interuniversitario de Criminología
|b Sección de la Universidad de Granada
|e Herausgebendes Organ
|0 (DE-588)1215786387
|0 (DE-627)1726859630
|4 isb
|
| 856 |
4 |
0 |
|u https://ezb.ur.de/?2891628-1
|x Frontdoor-Url
|7 1
|
| 856 |
4 |
0 |
|u https://revistaseug.ugr.es/index.php/cridi/issue/archive
|x Verlag
|z kostenfrei
|7 0
|
| 951 |
|
|
|a JT
|
| ELC |
|
|
|a 1
|
| LOK |
|
|
|0 000 xxxxxcx a22 zn 4500
|
| LOK |
|
|
|0 001 2965838635
|
| LOK |
|
|
|0 003 DE-627
|
| LOK |
|
|
|0 004 884479625
|
| LOK |
|
|
|0 005 20170419105441
|
| LOK |
|
|
|0 008 170419||||||||||||||||ger|||||||
|
| LOK |
|
|
|0 040
|a DE-21
|c DE-627
|d DE-21
|
| LOK |
|
|
|0 852
|a DE-21
|
| LOK |
|
|
|0 852 1
|9 00
|
| LOK |
|
|
|0 935
|a krim
|
| LOK |
|
|
|0 939
|a 19-04-17
|b l01
|
| OAS |
|
|
|a 1
|
| ORI |
|
|
|a SA-MARC-krimdoka001.raw
|